| 000 | 00790nam a2200229Ia 4500 | ||
|---|---|---|---|
| 003 | OSt | ||
| 005 | 20201215085708.0 | ||
| 008 | 191128s1982 ck fr 000 0 spa d | ||
| 040 |
_aCO-JMCR _cCO-JMCR |
||
| 041 | 0 | _aspa | |
| 082 | 0 | 4 |
_a320 / _bE137p _223 |
| 100 | 1 |
_aEastman, Jorge Mario, _eautor _91694 |
|
| 245 | 1 | 0 |
_aPerfiles políticos / _cJorge Mario Eastman |
| 250 | _aSegunda edición | ||
| 260 |
_aBogotá : _bPlaza y Janés, _c1982 |
||
| 300 |
_a359 páginas ; _c19 cm. |
||
| 490 | 0 | _aEnsayos políticos | |
| 505 | 0 | _aDe la tragedia al "milagro" alemán -- Ideologos colombianos -- La política y la cultura | |
| 650 | 1 | 4 |
_aPolítica _xensayos, conferencias, etc _zColombia _91695 |
| 650 | 1 | 4 |
_aPolítica y gobierno _xensayos, conferencias, etc _zColombia _91696 |
| 942 |
_2ddc _cBK |
||
| 999 |
_c5089 _d5089 |
||